000 01059cab a2200289 4500
001 ABS51057
008 090401t1994 xxu||||| |||| 00| 0 eng d
035 _a(Sirsi) u7221
041 _aeng
100 _aGoodchild, S.
245 _aTrimming the fat
260 _c1994
350 _a0
490 _aProperty Week
_v48(4/5) 28 July 1994, 18-20(3)
520 _aReviews guidelines on "urban office specification" published by the British Council for Offices(£10), which states that office overspecification is out, occupiers` needs are in. Discusses standards for the next generation of offices which apply 1990s restraint to 1980s excess, and looks at developers` cautious response to the change in perceived wisdom.
650 _aBCO GUIDELINES
650 _aBCO
650 _aHILLIER PARKER
650 _aOFFICES
650 _aOVER-SPECIFICATION
650 _aSPECIFICATION
650 _aSTANDARD LIFE
690 _aBUILT ENVIRONMENT-CONSTRUCTION DESIGN
690 _aPROPERTY-COMMERCIAL PROPERTY
942 _n0
948 _c04/03/1997
999 _c4332
_d4332